| 000 | 01105nac a22002411u 4500 | ||
|---|---|---|---|
| 010 | _a 77004214 | ||
| 082 | 0 | 0 | _a620.110911 |
| 090 |
_c7320 _d7320 |
||
| 100 | _a20080729 | ||
| 245 | 0 | 0 |
_aMaterials engineering in the Arctic : _bproceedings of an international conference, St. Jovite, Quebec, Canada, September 27-October 1, 1976 / _cedited by M. B. Ives. |
| 260 |
_aMetals Park, Ohio : _bAmerican Society for Metals,c1977. _cc1977. |
||
| 300 |
_a331 p. : _bill. ; _c29 cm. |
||
| 500 | _aSponsored by the Canadian Council of ASM. | ||
| 500 | _aDistributer: Al-Ahram. | ||
| 504 | _aIncludes bibliographical references and index. | ||
| 511 | _aCatalogued By: Mahitab. | ||
| 650 | 0 |
_aMaterials at low temperatures _xCongresses. |
|
| 650 | 0 |
_aCivil engineering _zArctic regions _xCongresses. |
|
| 700 | 1 |
_aIves, M. B. _q(Michael Brian), _d1934- |
|
| 710 | 2 |
_aAmerican Society for Metals. _bCanadian Council. |
|
| 942 |
_cBB _k620.110911 |
||
| 999 |
_c7320 _d7320 |
||